| 000 | 00509nam a2200169 a 4500 | ||
|---|---|---|---|
| 001 | 000008208 | ||
| 005 | 20200929154502.0 | ||
| 008 | 090915s2006 sp a 001 0 spa d | ||
| 040 |
_aDO-SdBNP _bspa _cBNPHU |
||
| 082 |
_a745.57293 _bA786d |
||
| 245 | 0 | 0 |
_aArtesanía dominicana : _briqueza y diversidad. |
| 260 |
_aSanto Domingo : _bCentro Cultural De España, _c2006. |
||
| 300 |
_a161 p. : _bil. ; _c25 cm. |
||
| 650 | 4 |
_aArtes decorativos _922260 |
|
| 650 | 4 |
_aArtesanías _92730 |
|
| 650 | 4 |
_aArte popular _922261 |
|
| 999 |
_c7982 _d7982 |
||